LEADER 01158nam0-2200325---450- 001 990010094250403321 005 20160728093547.0 035 $a001009425 035 $aFED01001009425 035 $a(Aleph)001009425FED01 035 $a001009425 100 $a20160728d2010----km-y0itay50------ba 101 0 $aita 102 $aIT 105 $ay-------001yy 200 1 $aEfficienza energetica degli edifici$f[Paolo Cavalletti ... et al.] 210 $aMilanofiori Assago$cWolters Kluwer Italia$dİ2010 215 $a58 p.$d30 cm 225 1 $aProgetti tecnologie procedure$v1/2010 300 $aSulla cop.: Soluzioni progettuali e costruttive, materiali innovativi. Tecnologie e impianti per la climatizzazione. Certificazione energetica. Agevolazioni fiscali sugli interventi. Efficienza e mercato immobiliare 300 $aSuppl. a: Ambiente & Sviluppo n. 7/2010 676 $a644$v21$zita 702 1$aCavalletti,$bPaolo 801 0$aIT$bUNINA$gRICA$2UNIMARC 901 $aBK 912 $a990010094250403321 952 $aBusta 27 (9) 21$b53160*$fFGBC 959 $aFGBC 996 $aEfficienza energetica degli edifici$91495956 997 $aUNINA